LEADER 01185nam a2200265 i 4500 001 000000061961 003 CaOOAMICUS 005 20091030000000.0 008 091030s1973 it u000 u ita u 013 $a33133 040 $aSeMil$bita 100 1 $aTramontin, Silvio,$d<1919-1997>.$0(OLS)http://semarc/name/9362 245 10$aCarità o giustizia? :$bidee ed esperienze dei cattolici sociali italiani dell'800 /$cSilvio Tramontin. 260 $a[Genova] :$bMarietti,$ccopyr. 1973. 300 $a157 p. ;$c20 cm. 490 0 $aChiesa sotto inchiesta ;$v1 500 $aContiene : Nota bibliografica. 650 4$aMovimento cattolico - Italia.$0(OLS)http://semarc/subject/2567 650 4$aMovimento cattolico - Storia.$0(OLS)http://semarc/subject/4896 830 0$aChiesa sotto inchiesta ;$v1.$0(OLS)http://semarc/title/6550 850 $aSeMil 852 $aSeMil$W1$xVenegono$y1$m3E I 194$j28114$B28114$CSeMilBibl$Z2$F28117 $81 961 $aAcquisto: Casa editrice 996 $6245$aCarità o giustizia? :$bidee ed esperienze dei cattolici sociali italiani dell'800$9(OLS)http://semarc/title/97484 996 $6260$a[Genova] :$bMarietti$9(OLS)http://semarc/publisher/30011 LEADER 01406nam a2200301 4500 001 000000366325 003 CaOOAMICUS 005 20260212110754.0 008 260209s2026 it a 000 u ita r 020 $a978-88-17-16140-4 040 $aSeMil$bita 100 1 $aSecrest, Meryle,$d<1930- >.$0(OLS)http://semarc/name/17286 240 14$aThe mysterious affair at Olivetti.$0(OLS)http://semarc/title/458091 245 13$aIl caso Olivetti :$bla IBM, la CIA, la guerra fredda e la misteriosa fine del primo personal computer della storia /$cMeryle Secrest. 250 $a8. ed. 264 1$a[Milano] :$bBUR Rizzoli,$c2026. 300 $a396 p. :$bill. ;$c23 cm 490 1 $aBUR. Saggi 650 4$aOlivetti & C. - Storia.$0(OLS)http://semarc/subject/59551 650 4$aGuerra fredda.$0(OLS)http://semarc/subject/39221 830 0$aBUR. Saggi.$0(OLS)http://semarc/title/11673 850 $aSeMil 852 $aSeMil$W1$xVenegono$y1$m3V III 333$j267150$B257085$CSeMilBibl$Z2$F257085 $81 961 $aBrambilla don Paolo - Omaggio 996 $6020$a978-88-17-16140-4$9(OLS)http://semarc/number/305272 996 $6245$aIl caso Olivetti :$bla IBM, la CIA, la guerra fredda e la misteriosa fine del primo personal computer della storia$9(OLS)http://semarc/title/458092 996 $6264$a[Milano] :$bBUR Rizzoli$9(OLS)http://semarc/publisher/53241